Engineering : (Record no. 181689)
[ view plain ]
| 000 -LEADER | |
|---|---|
| fixed length control field | 00955 a2200253 4500 |
| 003 - CONTROL NUMBER IDENTIFIER | |
| control field | Nust |
| 005 - DATE AND TIME OF LATEST TRANSACTION | |
| control field | 20221017111422.0 |
| 010 ## - LIBRARY OF CONGRESS CONTROL NUMBER | |
| LC control number | 76013591 |
| 020 ## - INTERNATIONAL STANDARD BOOK NUMBER | |
| International Standard Book Number | 0023071907 |
| 040 ## - CATALOGING SOURCE | |
| Transcribing agency | Nust |
| 082 00 - DEWEY DECIMAL CLASSIFICATION NUMBER | |
| Classification number | 620,BEA |
| 100 1# - MAIN ENTRY--PERSONAL NAME | |
| Personal name | Beakley, George C. |
| 245 10 - TITLE STATEMENT | |
| Title | Engineering : |
| Remainder of title | an introduction to a creative profession / |
| Statement of responsibility, etc. | George C. Beakley, H. W. Leach, with contributions by J. Karl Hedrick. |
| 250 ## - EDITION STATEMENT | |
| Edition statement | 3rd ed. |
| 260 ## - PUBLICATION, DISTRIBUTION, ETC. | |
| Place of publication, distribution, etc. | New York : |
| Name of publisher, distributor, etc. | Macmillan, |
| Date of publication, distribution, etc. | c1977. |
| 300 ## - PHYSICAL DESCRIPTION | |
| Extent | xii, 548 p. : |
| Other physical details | ill. ; |
| Dimensions | 26 cm. |
| 505 ## - FORMATTED CONTENTS NOTE | |
| Formatted contents note | Engineering-The Profession in View (Page-1), Preparation for a Career in Engineering (Page-114), Preparation for Problem Solving (Page-157), Engineering Analysis (Page-256), Introduction to Engineering Design (Page-395). |
| 650 #0 - SUBJECT ADDED ENTRY--TOPICAL TERM | |
| Topical term or geographic name entry element | Engineering design. |
| 650 #0 - SUBJECT ADDED ENTRY--TOPICAL TERM | |
| Topical term or geographic name entry element | Engineering mathematics. |
| 650 #0 - SUBJECT ADDED ENTRY--TOPICAL TERM | |
| Topical term or geographic name entry element | Engineering |
| General subdivision | Vocational guidance. |
| 9 (RLIN) | 40490 |
| 700 1# - ADDED ENTRY--PERSONAL NAME | |
| Personal name | Leach, H. W. |
| 700 1# - ADDED ENTRY--PERSONAL NAME | |
| Personal name | Leach, H. W., |
| 942 ## - ADDED ENTRY ELEMENTS (KOHA) | |
| Source of classification or shelving scheme | |
| Koha item type | Book |
| Withdrawn status | Lost status | Source of classification or shelving scheme | Damaged status | Not for loan | Permanent Location | Current Location | Shelving location | Date acquired | Full call number | Barcode | Date last seen | Price effective from | Koha item type | Public note |
|---|---|---|---|---|---|---|---|---|---|---|---|---|---|---|
| Military College of Signals (MCS) | Military College of Signals (MCS) | General Stacks | 12/12/2016 | 620,BEA | MCS6554 | 12/08/2016 | 12/12/2016 | Book | Almirah No 88, Shelf No 1 | |||||
| Military College of Signals (MCS) | Military College of Signals (MCS) | General Stacks | 12/12/2016 | 620,BEA | MCS6555 | 12/08/2016 | 12/12/2016 | Book | Almirah No.26, Shelf No.4 | |||||
| Military College of Signals (MCS) | Military College of Signals (MCS) | General Stacks | 12/12/2016 | 620,BEA | MCS6556 | 12/08/2016 | 12/12/2016 | Book | Almirah No 88, Shelf No 1 |
